000 00251nam a2200109Ia 4500
008 240625s9999 xx 000 0 und d
041 _aeng
082 _a658.4 THO
100 _aCOULSON THOMAS COLIN
245 _aKNOWLEDGE ENTREPRENEUR
260 _c2004
999 _c34304
_d34304